| 000 | 00464nmm a22001697a 4500 | ||
|---|---|---|---|
| 005 | 20150703091333.0 | ||
| 008 | 131202b2000 ck ||||| |||| 00| 0 spa d | ||
| 041 | _aspa | ||
| 044 | _ack | ||
| 090 |
_aLB _b05817 |
||
| 100 | 1 | 0 |
_aVieira, Rafael _93135 |
| 110 |
_93136 _aUnidad Administrativa Especial del Sistema de Parques Nacionales Naturales UAESPNN |
||
| 245 | _aIsla grande | ||
| 260 |
_aBogotá _bUAESPNN _c2000 |
||
| 300 |
_as.e., _c13 cm |
||
| 942 |
_2z _cCD-ROM |
||
| 999 |
_c7977 _d7977 |
||